[Event "SRB-ch Semifinal 2022"]
[Site "Paracin"]
[Date "2022.03.21"]
[Round "6.3"]
[White "Martic, Ivan"]
[Black "Zajic, Milan"]
[Result "1-0"]
[WhiteElo "2287"]
[BlackElo "2450"]
[Annotator "TA"]
[PlyCount "116"]
[EventDate "2022.03.17"]
[EventType "swiss"]
[EventCountry "SRB"]
[SourceTitle "playchess.com"]
[Source "ChessBase"]
[SourceQuality "1"]

{[%evp 23,116,10,17,16,19,25,37,31,53,9,11,7,11,14,19,0,51,25,63,50,58,47,158,184,165,119,148,147,152,75,74,90,133,131,125,110,139,138,139,136,166,174,159,198,220,214,294,260,237,266,251,198,261,190,234,211,441,418,416,254,415,240,247,245,240,231,238,231,494,502,456,488,470,461,406,325,1570,2373,29965,12666,5189,1712,2583,1924,29987,29988,29988,29989,29990,29991,29991,29990,29991,29991,29991]} 1. e4 c5 2. Nf3 {[%cal Bg1f3,Bf3d4,Bd4b5,Bb5a3,Ba3c2][%mdl 32]} Nc6 3. d4 cxd4 4. Nxd4 Nf6 5. Nc3 e5 6. Ndb5 d6 7. Bg5 a6 8. Na3 b5 9. Nd5 Be7 10. Bxf6 Bxf6 11. c4 b4 12. Nc2 Rb8 13. Qd3 {B33: Sicilian: Pelikan and Sveshnikov Variations.} O-O 14. g3 Be6 15. Bg2 {White is slightly better.} g6 16. O-O (16. Nxf6+ $14 Qxf6 17. b3 (17. Qxd6 Rbc8 $17)) 16... Bg7 $11 17. Rad1 a5 18. b3 a4 {[#]} 19. Kh1 $146 ({Predecessor:} 19. h4 h5 20. Kh2 Qa5 21. Bh3 Qc5 22. Kg2 Rb7 23. Qe3 Ra8 24. Qg5 Kh7 25. Nf6+ Bxf6 26. Qxf6 {0-1 (38) Badmatsyrenov,O (2437)-Deac,B (2679) Chess.com INT 2022}) 19... Qd7 (19... Bxd5 $11 20. cxd5 Na5) 20. Nde3 $14 {Pair of Knights!} Rbd8 (20... Nd4 21. Nxd4 exd4 22. Nc2 $16) 21. f4 exf4 22. gxf4 {And now f5 would win.} f5 (22... axb3 $14 23. axb3 Bh3) 23. exf5 $16 gxf5 24. Bd5 ({White should play} 24. bxa4 $18 Kh8 25. Rg1) 24... axb3 25. axb3 {Threatens to win with Nxf5.} Kh8 26. Bxe6 (26. Bf3 $142) 26... Qxe6 27. Nd5 Rb8 ({Black should try} 27... Qe4+ 28. Rf3 Rb8) 28. Rde1 Qf7 29. Re3 Rg8 30. Rg1 Bh6 31. Reg3 Rxg3 32. hxg3 (32. Rxg3 Re8 33. Rh3 Qg6 $16) (32. Qxg3 Rg8 33. Qd3 Qe6 $16) 32... Bg7 33. Re1 Qg6 34. Kg2 Bh6 35. Nd4 Nxd4 36. Qxd4+ Bg7 37. Qe3 Ra8 38. Re2 h6 (38... Qg4 $142 39. Nc7 (39. Nxb4 h5 $18) 39... Rf8) 39. Nxb4 $18 Qf6 $2 (39... h5 {might work better.} 40. Nd5 Qg4) 40. Nd5 Qa1 41. Qg1 {Prevents Qb1.} Qa3 $2 (41... Qxg1+ 42. Kxg1 Rb8) 42. Qe1 (42. Qb1 $142) 42... Qxb3 43. Re8+ Rxe8 44. Qxe8+ Kh7 {[#]} 45. Qf7 $1 Qb2+ (45... Kh8 46. Ne7 (46. Qxf5 Qxc4 47. Qe6 Qa2+ 48. Kh3 Qc4 $16) 46... Qa2+ 47. Kh3 Qa8) 46. Kh3 Qa1 {[%cal Ra1h1]} 47. Qxf5+ Kh8 48. Qe4 (48. Qc8+ Kh7 49. Qf5+ (49. Ne7 $2 Qf1+ 50. Kg4 Qe2+ 51. Kf5 Qxe7 $19) 49... Kh8 $18) 48... Qd1 49. Ne7 ({Weaker is} 49. Qe8+ Kh7 50. Qe4+ Kh8 $18) 49... Qf1+ $2 (49... Qh5+ 50. Kg2 Qf7) 50. Kg4 {Threatening mate with Qa8+.} Qd1+ {[#]} 51. Kf5 $1 {White wants to mate with Qa8+.} Qa4 52. Qc6 (52. Ke6 $142 Qe8 53. Qc6 Qxc6 54. Nxc6) 52... Qc2+ 53. Ke6 {White threatens Qe8+ and mate.} Bf8 54. Kf7 {White mates.} Qh7+ 55. Kxf8 {Active counter play!} Qg7+ 56. Ke8 h5 57. Qb5 d5 58. Qxd5 h4 {Weighted Error Value: White=0.20 (precise) /Black=0.59} 1-0

[Event "SRB-ch Semifinal 2022"]
[Site "Paracin"]
[Date "2022.03.21"]
[Round "6.4"]
[White "Stankovic, Milos"]
[Black "Tadic, Stefan"]
[Result "1/2-1/2"]
[WhiteElo "2412"]
[BlackElo "2336"]
[Annotator "TA"]
[PlyCount "99"]
[EventDate "2022.03.17"]
[EventType "swiss"]
[EventCountry "SRB"]
[SourceTitle "playchess.com"]
[Source "ChessBase"]
[SourceQuality "1"]

{[%evp 9,99,34,47,9,10,34,14,28,17,39,30,14,23,0,15,20,20,-9,70,34,40,0,0,0,64,50,64,67,173,182,251,237,240,162,144,56,37,58,46,50,26,3,2,4,14,0,0,0,0,0,0,0,18,27,25,22,18,23,21,25,26,0,14,0,0,0,0,0,0,0,0,0,12,0,0,0,0,0,0,0,0,0,0,0,0,0,0,0,0,0,0,0]} 1. e4 e5 2. Nf3 Nc6 3. Bb5 {[%cal Bf1b5,Bb5a4,Ba4b3][%mdl 32]} a6 4. Ba4 Bc5 5. O-O Nge7 {[#]} 6. Nxe5 $1 {C70: Ruy Lopez: 3...a6 4 Ba4, Norwegian and Delayed Schliemann.} Nxe5 7. d4 b5 {aiming for ...Ba7.} 8. Bb3 Bxd4 9. Qxd4 d6 {[#] Hoping for ...c5.} 10. c3 c5 11. Qe3 c4 12. Bc2 {[#]} O-O $146 ({Predecessor:} 12... Bb7 13. Qg3 O-O 14. Bf4 N7g6 15. Be3 f5 16. exf5 Nh4 17. f3 Nxf5 18. Bxf5 Rxf5 {½-½ (36) Murzin,V (2478)-Chigaev,M (2631) Cheboksary 2021}) 13. f4 N5c6 (13... Ng4 $11 14. Qe2 f5) 14. Nd2 d5 15. exd5 Nxd5 16. Qf2 Nde7 (16... Re8 $11) 17. Ne4 $14 Bf5 18. Be3 Re8 ({Better is} 18... Nd5 $1 $14) 19. Bc5 $18 Rf8 (19... h6 $142 20. Rad1 (20. Nd6 Bxc2 21. Qxc2 Rf8 $16) 20... Qb8) 20. Rad1 Qb8 21. Qf3 Qc7 {[%cal Oc6e5]} 22. g4 {White is more active.} (22. Qe3 $16) 22... Ne5 $1 $14 23. fxe5 Bxe4 24. Qxe4 {[%csl Gc2][%cal Re4h7]} Qxc5+ 25. Kh1 {[%csl Gc2][%cal Re4h7]} (25. Kg2 $5 {[%cal Re4h7]} g6 26. b4 $14) 25... Ng6 26. e6 Ra7 27. Rd5 Qc8 28. exf7+ Raxf7 29. Rdf5 Qd7 30. Rd1 Qb7 31. Qxb7 Rxb7 32. Be4 Re7 33. Bd5+ Kh8 34. Rxf8+ Nxf8 $11 {[%mdl 4096] Endgame KRB-KRN} 35. Bf3 {Rd8 is the strong threat.} g6 {The position is equal.} 36. Kg2 Ne6 37. Kg3 Nc5 38. Rd6 Kg7 39. h4 Rc7 40. g5 Kf7 41. Bd5+ Ke7 42. Rf6 {Strongly threatening Rf7+.} Rc8 43. Rf7+ Kd6 44. Bf3 Rc7 45. Rf6+ Ke5 46. Kg4 Ne6 47. Kg3 Nc5 48. a3 Ra7 49. Rf8 Nd3 50. Re8+ {Weighted Error Value: White=0.11 (very precise) /Black=0.12 (very precise)} 1/2-1/2

[Event "SRB-ch Semifinal 2022"]
[Site "Paracin"]
[Date "2022.03.21"]
[Round "6.5"]
[White "Velikic, Adela"]
[Black "Radovanovic, Nikola"]
[Result "0-1"]
[WhiteElo "2258"]
[BlackElo "2413"]
[Annotator "TA"]
[PlyCount "94"]
[EventDate "2022.03.17"]
[EventType "swiss"]
[EventCountry "SRB"]
[SourceTitle "playchess.com"]
[Source "ChessBase"]
[SourceQuality "1"]

{[%evp 15,94,29,36,33,41,30,27,14,21,5,90,103,96,101,108,115,113,94,97,53,69,56,58,0,0,0,0,0,0,-26,-23,-25,-25,-25,-27,-59,-56,-72,-64,-192,-172,-250,-220,-415,-401,-462,-461,-443,-428,-436,-395,-377,-365,-616,-599,-731,-798,-701,-669,-612,-546,-866,-865,-773,-729,-802,-1022,-1089,-365,-29965,-29968,-29972,-29968,-29964,-29965,-29973,-29973,-29973,-29974,-29970,-29971]} 1. d4 Nf6 2. c4 g6 3. Nc3 Bg7 4. e4 d6 5. h3 O-O 6. Be3 e5 7. d5 Na6 8. Bd3 Nc5 9. Bc2 {E71: King's Indian: 4 e4 d6 5 h3.} a5 10. Nge2 Nfd7 11. g4 {White has an edge.} Nb6 12. b3 f5 (12... Bd7 $11 {keeps the balance.}) 13. gxf5 gxf5 14. exf5 (14. Rg1 $6 f4 15. Bxc5 dxc5 $11) 14... Bxf5 15. Bxf5 Rxf5 16. Ng3 Rf7 {[%cal Oe5e4] [#]} 17. Bxc5 $146 ({Better is} 17. Rg1 $16) ({Predecessor:} 17. Nge4 Nbd7 18. Qe2 Qh4 19. Bg5 Nd3+ 20. Qxd3 Qh5 21. Qe2 Qg6 22. O-O-O a4 23. Rhg1 axb3 24. axb3 {1-0 (44) Odegov,A (2286)-Janiashvili,M (1940) Chess.com INT 2021}) 17... dxc5 $14 18. Nce4 a4 19. Qh5 (19. Nxc5 e4 20. Ngxe4 Nd7 $11) (19. Rb1 $14) 19... axb3 $1 $11 20. Ng5 {Pair of Knights!} Qf6 $40 {[%mdl 128] Black has some attack.} 21. Qxh7+ (21. Qxf7+ $2 Qxf7 22. Nxf7 Kxf7 $19) (21. Nxf7 e4 22. Nh6+ Bxh6 $17) 21... Kf8 {[%cal Bg8f8,Bf8f7,Bf7e7][%mdl 32] Chess con chili.} 22. N3e4 (22. Nxf7 $5 {[%cal Rg3h5]} e4 23. Ne5 Qxe5 24. O-O $11) 22... Qh6 (22... b2 $2 23. Rb1 Qf5 24. Ne6+ (24. Rxb2 Qxh7 25. Nxh7+ Kg8 $18) 24... Ke7 25. Qxf5 Rxf5 26. Rxb2 $18 (26. Nxg7 Rf4 $14)) 23. Qxh6 Bxh6 24. Nxf7 Kxf7 25. Nxc5 b2 (25... bxa2 26. Rh2 $11) 26. Rb1 Nxc4 {Black is more active.} 27. Nd3 {White does not recover from this.} (27. Kd1 $1 $15) 27... Rxa2 $19 {Strongly threatening ...e4.} 28. f4 (28. O-O $142) 28... Bxf4 {aiming for ...Be3.} ({But not} 28... exf4 $2 29. O-O) 29. Rf1 $2 (29. O-O {might work better.} Kg6 30. Nxf4+ exf4 31. Rf2) 29... Ke7 ({Not} 29... Ra1 30. Ke2 Ra4 31. Nxb2 $15 (31. Nxf4 exf4 32. h4 Kf6 $11)) 30. Nxf4 exf4 {[%mdl 4096] Endgame KRR-KRN} 31. Rf2 Kd6 32. h4 Kxd5 33. h5 Ra6 34. Rh2 $2 (34. Rfxb2 Nxb2 35. Rxb2) 34... Rh6 35. Ke2 Ke4 36. Re1 Ne3 {( -> ...Rc6)} 37. Rb1 f3+ {[%cal Bf4f3,Bf3f2][%mdl 32]} 38. Kd2 {Threatens to win with Rh4+.} Rd6+ 39. Kc3 Nd1+ 40. Kb3 f2 41. Rh1 Ne3 $2 (41... Rb6+ 42. Kc4 Ne3+ 43. Kc3 f1=Q 44. Rhxf1 Nxf1) 42. Kxb2 $2 {[#]} (42. h6 $19 f1=Q 43. Rhxf1 Nxf1 44. Rxf1 Rxh6 45. Re1+ Kd3 46. Kxb2) 42... Rb6+ {Black mates.} 43. Kc1 Rxb1+ 44. Kxb1 Nf5 45. Kc2 Kf3 46. Kd2 Kg2 47. h6 {[#]} Nxh6 $1 {[%mdl 512] Weighted Error Value: White=0.48/Black=0.20 (precise)} 0-1

[Event "SRB-ch Semifinal 2022"]
[Site "Paracin"]
[Date "2022.03.21"]
[Round "6.6"]
[White "Perunovic, Miodrag"]
[Black "Mijatovic, Dusan"]
[Result "1-0"]
[WhiteElo "2413"]
[BlackElo "2165"]
[Annotator "TA"]
[PlyCount "101"]
[EventDate "2022.03.17"]
[EventType "swiss"]
[EventCountry "SRB"]
[SourceTitle "playchess.com"]
[Source "ChessBase"]
[SourceQuality "1"]

{[%evp 20,101,-29,-28,0,0,0,0,0,0,0,0,0,0,0,0,0,0,0,0,3,0,73,69,218,220,276,276,352,351,335,341,345,333,497,495,522,509,574,434,603,596,670,665,672,642,600,638,613,617,617,617,617,616,607,590,720,726,687,563,570,570,561,548,895,902,803,807,1022,972,2608,2552,1481,2623,2116,1887,29987,29988,29989,29990,29991,29992,29993,29994]} 1. e4 e6 2. d4 d5 3. Nc3 Bb4 4. Nge2 dxe4 5. a3 Bxc3+ 6. Nxc3 Nc6 7. Bb5 Nge7 8. Bg5 f6 9. Be3 O-O 10. Qd2 f5 11. O-O-O {[%cal Ba1d1,Bd1d2,Bd2g2][%mdl 32]} Qd6 {Hoping for ...f4. C15: French: 3 Nc3 Bb4: Unusual White 4th moves.} 12. Bf4 e5 13. dxe5 Qxd2+ {The position is equal.} 14. Rxd2 Be6 {Prevents Bc4.} 15. h4 a6 16. Bxc6 Nxc6 {[#]} 17. f3 $146 ({Predecessor:} 17. Ne2 Rad8 18. Rhd1 Rxd2 19. Rxd2 Rd8 20. Rxd8+ Nxd8 21. Nd4 h6 22. Kd2 c5 23. Ne2 Bc4 24. Be3 Bxe2 25. Kxe2 {½-½ (53) Sorensen,H (2400)-Jogstad,M (2334) Helsingborg 2021}) 17... exf3 18. gxf3 Rad8 19. Rg2 Rf7 20. h5 Ne7 (20... Nd4 $11 {keeps the balance.}) 21. Bg5 $16 Rd7 {[#] This move loses the game for Black.} (21... Re8 $14) 22. Ne2 $1 $18 {[%cal Bc3e2,Be2f4,Bf4e6][%mdl 32] Threatens to win with Nf4.} Nc6 {[%cal Be7c6,Bc6d4,Bd4f3][%mdl 32]} 23. Nf4 Nd4 24. c3 Nxf3 25. Nxe6 {Strongly threatening Bf6.} Nxe5 26. h6 g6 (26... f4 $142 27. Nxg7 (27. hxg7 f3 $16) 27... f3) 27. Re2 Rd5 28. Kc2 Nc6 29. Nf4 Rdd7 30. Rhe1 Rf8 31. Ne6 Re8 32. Nc5 {[%csl LRb7,LRd7,LRe8]} Rxe2+ 33. Rxe2 Rf7 34. Re8+ Rf8 35. Rxf8+ Kxf8 36. Nxb7 Ne5 37. Nc5 {Prevents Nd7.} Nf7 38. Ne6+ Ke8 39. Be3 c6 40. b4 Ke7 41. Nd4 Kf6 42. Nxc6 g5 43. a4 {[%cal Ba3a4,Ba4a5,Ba5a6,Ba6a7][%mdl 32]} f4 44. Bd4+ Kf5 45. b5 axb5 46. a5 {[#] White wants to mate with a6.} Nd6 47. Ne7+ Ke4 48. a6 {White mates.} Ne8 49. Bb6 f3 50. a7 Nc7 51. Bxc7 {Weighted Error Value: White=0.09 (flawless) /Black=0.38} 1-0

[Event "SRB-ch Semifinal 2022"]
[Site "Paracin"]
[Date "2022.03.21"]
[Round "6.7"]
[White "Djordjevic, Vuk"]
[Black "Radisavljevic, Dalibor"]
[Result "1-0"]
[WhiteElo "2382"]
[BlackElo "2150"]
[Annotator "TA"]
[PlyCount "95"]
[EventDate "2022.03.17"]
[EventType "swiss"]
[EventCountry "SRB"]
[SourceTitle "playchess.com"]
[Source "ChessBase"]
[SourceQuality "1"]

{[%evp 9,95,14,18,-25,-17,-19,34,34,35,35,48,52,49,58,50,54,52,61,62,64,72,63,65,60,125,93,120,58,45,39,41,40,65,38,63,84,64,73,64,45,52,39,77,12,12,19,40,22,201,181,223,108,254,243,232,245,601,595,592,593,594,590,837,837,29967,29965,5365,5297,29996,1172,1004,0,29996,985,985,984,976,976,969,965,936,936,1010,1004,966,966,29996,29983]} 1. d4 Nf6 2. Bg5 c5 3. Bxf6 gxf6 4. dxc5 e6 5. Nd2 Bxc5 6. Ne4 {A45: Trompowsky Attack.} (6. Nb3 $142) 6... Bb4+ $11 7. c3 Be7 (7... d5 $11) 8. Nd6+ $1 $14 {White is slightly better.} Bxd6 9. Qxd6 Nc6 {[#]} 10. e4 $146 ({Predecessor:} 10. g3 Qb6 11. Qa3 d5 12. Bg2 Ne5 13. b3 Bd7 14. Nh3 Rc8 15. Rc1 Ng6 16. O-O {0-1 (47) Djordjevic,V (2350)-Firouzja,A (2759) Chess.com INT 2021}) 10... Qb6 11. Qd2 d5 12. exd5 exd5 13. Nf3 {Inhibits d4.} Be6 14. Be2 d4 15. O-O O-O-O $1 16. Rfd1 {[%cal Rf3d4]} Rd7 (16... dxc3 $1 $14 17. Qxc3 f5) 17. cxd4 Rhd8 {[%cal Rc6d4]} 18. Qc3 ({White should try} 18. b3 $16) 18... Bd5 19. Ne1 Kb8 $1 20. b3 f5 21. h3 Be6 {[%cal Rc6d4]} 22. Nf3 Nxd4 23. Nxd4 Rxd4 24. Rac1 Rxd1+ 25. Bxd1 Qd6 26. Qf6 (26. Bf3 $16) 26... Qd4 $11 {To avoid Rd1} 27. Qe7 Rd7 {Inhibits Qc7+.} 28. Qa3 b5 $2 {White stays focused until the end.} (28... Qd6 $11 29. Qb2 Qd2 30. Qe5+ Rd6) 29. Qa6 {[%csl Gc1][%cal Ra6c8]} Rb7 (29... Rc7 $142 30. Qxb5+ Kc8) 30. Qc6 (30. Bf3 $18 {[%csl Gf3][%cal Ra6b7] and White stays clearly on top.} Rb6 31. Qa5) 30... Qd7 {[#]} (30... Bd7 $16 {might work better.} 31. Qh6 Rc7) 31. Qc3 $1 $18 {Hoping for Qh8+.} Rc7 32. Qh8+ Kb7 $2 (32... Qc8 33. Qe5 f6) 33. Bf3+ Ka6 34. Rd1 Qe7 35. Qb8 {[#] aiming for a4.} Qc5 36. b4 Qe7 37. a4 bxa4 38. Be2+ Bc4 39. Ra1 (39. Rd5 $142 Rb7 40. Bxc4+ Kb6 41. Rd6+ Qxd6 42. Qxd6#) 39... Qd7 40. Rd1 $40 {[%mdl 128] White attacks.} (40. Rc1 $18 Qc8 41. Bxc4+ Rxc4 42. Qxc8+ Rxc8 43. Rxc8) 40... Qe7 $1 (40... Bxe2 $2 41. Rxd7 Rxd7 42. Qc8+ Rb7 43. Qc6+ Rb6 44. Qxa4+ Kb7 45. Qd7+ Ka6 46. Qa4+ Kb7 47. Qd7+ Ka6 48. Qxf7 $18) 41. Bxc4+ (41. Rd5 $142 Rb7 42. Bxc4+ Kb6 43. Rd6+ Qxd6 44. Qxd6#) 41... Rxc4 42. Rd6+ Qxd6 43. Qxd6+ {KQ-KR} Kb5 44. Qb8+ Ka6 45. Kf1 Rc1+ 46. Ke2 Rc2+ 47. Kd3 Rxf2 48. Qc8+ {Weighted Error Value: White=0.31/Black=0.83} 1-0

[Event "SRB-ch Semifinal 2022"]
[Site "Paracin"]
[Date "2022.03.21"]
[Round "6.8"]
[White "Milosevic, Milos"]
[Black "Todorovic, Goran M"]
[Result "1/2-1/2"]
[WhiteElo "2296"]
[BlackElo "2336"]
[Annotator "TA"]
[PlyCount "36"]
[EventDate "2022.03.17"]
[EventType "swiss"]
[EventCountry "SRB"]
[SourceTitle "playchess.com"]
[Source "ChessBase"]
[SourceQuality "1"]

{[%evp 10,36,10,0,10,0,0,0,0,4,16,-9,53,55,39,-8,13,0,19,11,94,0,0,0,7,16,18,18,50]} 1. e4 c5 2. Nc3 Nc6 3. Bb5 Nd4 4. Nf3 Nxb5 5. Nxb5 d6 6. d4 Nf6 $1 {6...Nf6 is better than 6...a6. B23: Closed Sicilian: Lines without g3.} 7. O-O a6 8. Nc3 {Black should prevent dxc5.} cxd4 9. Qxd4 e5 10. Qb4 Be7 {[#]} ({Don't play} 10... d5 11. Qb3 $14) (10... h6 $11) 11. Rd1 $146 {[%cal Of3e5]} ({Predecessor:} 11. Bg5 d5 12. Bxf6 gxf6 13. Qb3 d4 14. Nd5 b5 15. c3 Be6 16. cxd4 f5 17. Qc3 {1-0 (38) Graif,W (2254)-Hua,E (2301) Toronto 2019}) 11... O-O {[%cal Od6d5]} 12. Be3 (12. Bg5 $14) 12... b5 13. a4 Bg4 {[%cal Od6d5]} 14. axb5 axb5 (14... Bxf3 $11 {remains equal.} 15. gxf3 axb5) 15. Qxb5 {White is much more active.} ({Better is} 15. Rxa8 $16 Qxa8 16. h3 Bxf3 17. gxf3) 15... Rb8 $11 {The position is equal.} 16. Qd3 Rxb2 17. Ra7 Bxf3 18. gxf3 Nh5 {Weighted Error Value: White=0.27 (precise) /Black=0.25 (precise)} 1/2-1/2

[Event "SRB-ch Semifinal 2022"]
[Site "Paracin"]
[Date "2022.03.21"]
[Round "6.10"]
[White "Ciric, Pavle"]
[Black "Gajcin, Marina"]
[Result "1/2-1/2"]
[WhiteElo "2097"]
[BlackElo "2254"]
[Annotator "TA"]
[PlyCount "59"]
[EventDate "2022.03.17"]
[EventType "swiss"]
[EventCountry "SRB"]
[SourceTitle "playchess.com"]
[Source "ChessBase"]
[SourceQuality "1"]

{[%evp 9,59,0,1,-25,6,-15,-21,-12,-24,-49,16,14,27,25,42,0,34,16,38,43,40,41,40,33,41,0,15,-12,0,-28,2,0,15,0,0,0,26,-22,17,0,0,0,0,0,0,0,0,0,4,11,53,53]} 1. e4 c5 2. Nf3 g6 3. c3 d5 4. e5 Bg4 5. d4 Nc6 6. Be2 {B27: Sicilian: 2 Nf3, unusual Black 2nd moves.} cxd4 (6... Bxf3 $5 7. Bxf3 e6 $11) 7. cxd4 (7. Nxd4 $5 {[%cal Re2g4]} Bxe2 8. Qxe2 $11 (8. Kxe2 Nxe5 9. Re1 Nf6 $17)) 7... Bxf3 8. Bxf3 {The position is equal.} ({But not} 8. gxf3 Nh6 9. Bb5 Nf5 $17) 8... e6 9. Nc3 Nh6 {[#]} (9... Qb6 $15) 10. g4 $146 ({Predecessor:} 10. Be3 Nf5 11. Qd2 Nxe3 12. fxe3 a6 13. O-O Bh6 14. Rae1 b5 15. Qf2 O-O 16. Rd1 {½-½ (32) Volpinari,D (1985)-Ngani,V (2022) Batumi 2018}) 10... Ng8 11. Be3 Nge7 {[%cal Oh7h5]} 12. Kf1 (12. Qd3 $14 {should be considered.}) 12... Nc8 13. h4 h6 14. Kg2 Nb6 15. Be2 Be7 16. Qd2 h5 17. Bg5 hxg4 18. Nb5 {[%cal Ob5d6]} Nc8 {To avoid Nd6+} 19. Bxg4 a6 (19... Qb6 $5 {[%cal Rb6b5]} 20. Bxe7 N6xe7 $11) 20. Nc3 {[%cal Bb5c3,Bc3a4,Ba4c5][%mdl 32]} Nb6 {[%cal Bc8b6,Bb6a8,Ba8c7][%mdl 32]} 21. b3 Qd7 22. a4 {[%cal Ba2a4,Ba4a5][%mdl 32]} O-O-O 23. a5 Na8 24. Na4 $1 {[%cal Ob3b4]} Rdf8 25. Rac1 Bxg5 26. hxg5 Qe7 27. Nc5 Nc7 28. Be2 Rxh1 29. Rxh1 Kb8 (29... Nxe5 $11 {deserves consideration.} 30. Nxb7 Nd7) 30. f4 {Weighted Error Value: White=0.11 (very precise) /Black=0.12 (very precise)} 1/2-1/2

[Event "SRB-ch Semifinal 2022"]
[Site "Paracin"]
[Date "2022.03.21"]
[Round "7.1"]
[White "Budisavljevic, Luka"]
[Black "Pap, Misa"]
[Result "1/2-1/2"]
[WhiteElo "2511"]
[BlackElo "2372"]
[Annotator "TA"]
[PlyCount "181"]
[EventDate "2022.03.17"]
[EventType "swiss"]
[EventCountry "SRB"]
[SourceTitle "playchess.com"]
[Source "ChessBase"]
[SourceQuality "1"]

{[%evp 9,181,32,47,59,61,54,59,46,65,70,67,69,66,60,79,49,46,41,55,39,43,29,45,52,49,75,58,50,62,1,77,85,121,109,114,112,115,105,101,106,88,94,170,63,104,86,405,-29,-41,-146,-146,-145,-145,-144,-149,-139,-145,-143,-140,-206,-161,-157,-107,-130,-122,-120,-78,-79,-83,-77,-74,-139,-143,-147,-156,-170,-170,-169,-172,-179,-170,-167,-151,-159,-159,-173,-112,-177,-178,-170,-166,-166,-159,-168,-168,-153,-143,-187,-180,-172,-172,-224,-190,-272,-230,-216,-152,-152,-152,-152,-152,-152,-152,-152,-152,-152,-152,-157,-151,-252,-241,-239,-210,-357,-164,-174,-136,-142,-136,-136,0,-142,-142,-142,-142,-2591,-2494,-2420,-2264,-1851,-1199,-29968,-29969,-29972,-29970,-29970,-29971,-29970,-29964,-29964,0,-29967,-29968,-29973,-29972,-29971,-29973,-29973,-29974,-29974,-29969,-29979,-29980,-29979,-8,-8,-8,-8,-8,-8,-8,-8,-8,-8]} 1. d4 Nf6 2. c4 e6 3. Nc3 Bb4 4. Qc2 Nc6 5. e3 d6 6. Nge2 {E33: Nimzo-Indian: Classical: 4...Nc6.} O-O 7. a3 Bxc3+ 8. Nxc3 {White is slightly better.} a5 9. b3 e5 10. dxe5 dxe5 11. Bb2 {[#]} Qe7 $146 ({Predecessor:} 11... Bg4 12. Bd3 Bh5 13. Nd5 Kh8 14. Nc3 Nd7 15. Bf5 Nc5 16. O-O Ne7 17. Ne4 Nxf5 18. Nxc5 {½-½ (64) Khismatullin,D (2584)-Smirnov,A (2438) Minsk 2008}) 12. Bd3 (12. Nd5 $5 {[%cal Rd5e7]} Qd6 13. Bd3 $16) 12... Be6 {Prevents Nd5.} 13. O-O Rad8 14. Ne4 {Black must now prevent Nxf6+.} Nd7 15. Ng3 Qh4 16. Be4 Nf6 17. Bxc6 bxc6 18. h3 {Prevents Ng4.} Nd7 19. Kh2 (19. e4 $14) 19... Rfe8 (19... a4 $11) 20. a4 $1 $16 Nc5 21. Bc3 $1 Ra8 22. f4 $1 exf4 23. Rxf4 Qg5 24. Raf1 Qg6 25. e4 Reb8 (25... Rab8 $16) 26. Bd4 (26. Nf5 $18 {Threatens to win with Ne7+.} Bxf5 27. Rxf5) 26... Nxb3 (26... Rxb3 $14 {was preferrable.} 27. Nf5 Bxf5 28. exf5 Qg3+ 29. Kg1 Qd3 30. Qxd3 Nxd3) 27. Be5 Qg5 $2 {[%mdl 8192]} (27... f6 $16 {is tougher.} 28. Bxc7 Rb7) 28. Qc3 $2 (28. Nf5 $1 $18 f6 29. Bc3 (29. Bxc7 Rb7 $16) 29... Bxf5 30. Rxf5) 28... Nd2 $1 $11 29. R1f2 (29. Rd1 $1 $15 Nxc4 30. Nf5 Nxe5 31. Qxe5) 29... Rb3 $36 {[%mdl 2048] Black is on the roll.} (29... Nxc4 30. Bxc7 Rb1 31. Nf5 Bxf5 32. exf5 $16) 30. h4 {[#]} Qxf4 {[%mdl 512]} 31. Rxf4 Rxc3 32. Bxc3 Nxc4 33. Nh5 f6 34. Rf1 (34. Nxg7 $17 Kxg7 35. Rxf6) 34... Bf7 35. Ng3 Re8 (35... Kf8 $142 36. Bd4 Rd8 37. Bc5+ Kg8) 36. Rd1 Be6 37. Rb1 {Prevents Rb8.} Nb6 (37... Rd8 $142 38. Rb7 Rd3) 38. Bxa5 Nxa4 39. Bxc7 c5 40. Rb8 (40. e5 $142) 40... Rxb8 41. Bxb8 {[%mdl 4096] Endgame KBN-KBN} c4 42. Ne2 Bg4 $1 43. Nc1 Nc5 44. Kg3 Bc8 45. Kf4 Bb7 46. Ke3 Nxe4 (46... Bxe4 47. Ba7 Nd3 48. Nxd3 cxd3 49. g3 $17) 47. Kd4 Nd2 (47... c3 $19 48. g3 f5) 48. Kc3 (48. Bf4 $17 {keeps fighting.} Nb3+ 49. Kxc4 Nxc1 50. Bxc1) 48... Nf1 $19 49. g3 Bd5 50. Ne2 Kf7 51. Nf4 Bf3 52. Nh3 Be2 53. Ng1 (53. Kd4 $17) 53... Bd3 54. Nh3 Ke6 55. g4 (55. Nf2 $142) 55... Kd5 56. g5 (56. Nf2 $142) 56... Ne3 57. Ba7 Nf5 58. Nf4+ Ke4 59. gxf6 gxf6 (59... Kxf4 $2 60. f7 $18) 60. Nh5 Ke5 ({And not} 60... Nxh4 61. Nxf6+ Kf5 62. Nxh7 $11) 61. Bb8+ Ke6 62. Nf4+ Kf7 63. h5 Bf1 64. Bc7 (64. Kd2 $17) 64... Ng3 $1 65. Kd2 Ne4+ 66. Ke3 {[#]} (66. Ke1 $142 Bd3 67. Kd1) 66... Nc5 (66... c3 $142 $1 {( -> ...c2)} 67. Nd3 (67. Kxe4 $2 c2 $19) 67... c2 $1) 67. Ba5 Ne6 {Strongly threatening ...Nxf4.} 68. Nd5 Bg2 69. Nb6 Bf1 70. Nd5 $1 Ng7 71. Nf4 Bd3 72. Kd4 $2 {[%mdl 8192] [#]} (72. Bb4 $17) 72... Ne6+ $1 73. Nxe6 Kxe6 {KB-KB} 74. Bd2 {[#]} Kf5 $1 75. h6 Kg4 76. Kd5 Kf3 77. Kd4 f5 78. Bc1 Ke2 79. Kc3 Kf3 80. Kd4 $1 Kg4 81. Ke5 Bf1 82. Bd2 Be2 83. Bc1 c3 {[%cal Bc4c3,Bc3c2][%mdl 32]} 84. Kd4 c2 85. Ke5 Bd3 86. Kd4 f4 $2 87. Kxd3 $11 {The position is equal.} f3 88. Be3 (88. Ke3 Kg3 89. Kd2 f2 90. Kxc2 f1=Q $19) 88... Kg3 89. Kxc2 {Hoping for Kd3.} f2 90. Bxf2+ $1 Kxf2 91. Kd2 {Weighted Error Value: White=0.28 (precise) /Black=0.25 (precise)} 1/2-1/2